000 00829cam a22002651 4500
001 8824303
003 ARRUPE
005 20131204144424.0
008 750808s1948 enk 000 0 eng
010 _a 49000906
035 _a(OCoLC)1525808
040 _aDLC
_cGU
_dOCoLC
_dDLC
042 _apremarc
050 0 0 _aF128.5
_b.B34 1948
082 _a917.471
100 1 _aBeaton, Cecil,
_d1904-1980.
_95156
245 1 0 _aPortrait of New York.
260 _aLondon,
_aNew York,
_bB.T. Batsford
_c[1948]
300 _a135 p.
_billus.
_c23 cm.
500 _aA revision of the author's Cecil Beaton's New York, 1938.
651 0 _aNew York (N.Y.)
_xDescription and travel.
_95157
651 0 _aNew York (N.Y.)
_xSocial life and customs.
_95158
906 _a7
_bcbc
_coclcrpl
_du
_encip
_f19
_gy-gencatlg
942 _2lcc
_cMONOGRAPH
999 _c119086
_d119086